[Event "Turkish Club Cup 2019"]
[Site "Konya"]
[Date "2019.07.18"]
[Round "5"]
[White "Kiziltas, Inanc Vefa"]
[Black "Subasi, Cagrican"]
[Result "1/2-1/2"]
[WhiteElo "1858"]
[BlackElo "1871"]
[Annotator "NA RC"]
[PlyCount "111"]
[EventDate "2019.07.16"]
[EventType "team-tourn"]
[EventCountry "TUR"]
[SourceTitle "playchess.com"]
[Source "ChessBase"]
[SourceQuality "1"]
[TimeControl "5400+30"]

1. Nf3 {[%emt 0:00:30]} Nf6 {[%emt 0:00:30]} 2. c4 {[%emt 0:00:00]} g6 {[%emt 0:00:30]} 3. e3 {[%emt 0:01:00]} Bg7 {[%emt 0:00:30]} 4. Be2 {[%emt 0:00:30]} O-O {[%emt 0:00:30]} 5. O-O {[%emt 0:00:00]} c5 {[%emt 0:01:30]} 6. Nc3 {[%emt 0:00:00]} d6 {[%emt 0:00:30]} 7. d4 {[%emt 0:00:00]} Nc6 {[%emt 0:08:30]} 8. d5 {[%emt 0:01:00]} Ne5 {[%emt 0:00:30]} 9. Nxe5 {[%emt 0:01:30]} dxe5 {[%emt 0:00:30]} 10. e4 {[%emt 0:00:00]} Ne8 {[%emt 0:00:00]} 11. Be3 {[%emt 0:01:00]} b6 {[%emt 0:00:00]} 12. Qd2 {[%emt 0:00:30]} Nd6 {[%emt 0:02:30]} 13. Bh6 {[%emt 0:02:30]} a6 {[%emt 0:05:30]} 14. a4 {[%emt 0:01:30]} Bd7 {[%emt 0:00:00]} 15. Bxg7 {[%emt 0:02:30]} Kxg7 {[%emt 0:00:00]} 16. f4 {[%emt 0:01:30]} exf4 {[%emt 0:02:30]} 17. Qxf4 {[%emt 0:00:30]} f6 {[%emt 0:00:00]} 18. h4 {[%emt 0:02:30]} Nf7 {[%emt 0:00:00]} 19. g4 {[%emt 0:01:30]} Qb8 {[%emt 0:00:30]} 20. Qe3 {[%emt 0:01:30]} Qe5 {[%emt 0:03:30]} 21. Rad1 {[%emt 0:00:30]} Nd6 {[%emt 0:01:30]} 22. Rf2 {[%emt 0:09:30]} Rab8 {[%emt 0:13:30]} 23. Rg2 {[%emt 0:05:30]} h6 {[%emt 0:08:30]} 24. Bd3 {[%emt 0:08:30]} b5 {[%emt 0:06:30]} 25. Qxc5 {[%emt 0:05:30]} bxc4 {[%emt 0:01:30]} 26. Bb1 {[%emt 0:00:30]} Rb7 {[%emt 0:14:30]} 27. Qa5 {[%emt 0:22:30]} Rfb8 {[%emt 0:02:30]} 28. Rdd2 {[%emt 0:00:30]} Rb3 {[%emt 0:05:30]} 29. Ba2 {[%emt 0:00:30]} R3b6 {[%emt 0:05:59]} 30. Qc5 {[%emt 0:01:30]} R6b7 {[%emt 0:02:49]} 31. Bb1 {[%emt 0:02:30]} g5 {[%emt 0:01:38]} 32. h5 {[%emt 0:01:30]} Rb4 {[%emt 0:00:10]} 33. Qa7 {[%emt 0:05:30]} R8b7 {[%emt 0:03:42]} 34. Qxa6 {[%emt 0:07:30]} Qf4 {[%emt 0:03:53]} 35. e5 {[%emt 0:01:54]} fxe5 {[%emt 0:00:16]} 36. Bg6 {[%emt 0:03:04]} Bxg4 {[%emt 0:02:17]} 37. Rdf2 {[%emt 0:02:55]} Qc1+ {[%emt 0:01:29]} 38. Kh2 {[%emt 0:02:49]} Rxb2 {[%emt 0:01:09]} 39. Ne4 {[%emt 0:01:18]} R2b6 {[%emt 0:00:47]} 40. Qa8 {[%emt 0:01:30]} Rb8 {[%emt 0:00:03]} 41. Qa7 {[%emt 0:01:03]} R6b7 {[%emt 0:00:30]} 42. Qa6 {[%emt 0:00:00]} Qa3 {[%emt 0:00:49]} 43. Rxg4 {[%emt 0:01:35]} Qe3 {[%emt 0:00:03]} 44. Rgg2 {[%emt 0:00:34]} Rb3 {[%emt 0:00:05]} 45. Rg3 {[%emt 0:02:18]} Qd4 {[%emt 0:00:18]} 46. Rgg2 {[%emt 0:01:26]} Nxe4 {[%emt 0:00:56]} 47. Rf7+ {[%emt 0:00:35]} Kg8 {[%emt 0:00:30]} 48. Bh7+ {[%emt 0:00:00]} Kh8 {[%emt 0:00:44]} 49. Qxh6 {[%emt 0:00:25]} Rh3+ {[%emt 0:00:00]} 50. Kxh3 {[%emt 0:00:24]} Nf2+ {[%emt 0:00:00]} 51. Rgxf2 {[%emt 0:00:59]} Qh4+ {[%emt 0:00:26]} 52. Kg2 {[%emt 0:00:30]} Qg4+ {[%emt 0:00:00]} 53. Kh2 {[%emt 0:00:44]} Qh4+ {[%emt 0:00:04]} 54. Kg2 {[%emt 0:00:25]} Qg4+ {[%emt 0:00:08]} 55. Kh1 {[%emt 0:00:27]} Qh3+ {[%emt 0:00:30]} 56. Rh2 {[%emt 0:00:55]} 1/2-1/2

[Event "Turkish Club Cup 2019"]
[Site "Konya"]
[Date "2019.07.18"]
[Round "5"]
[White "Ozoglu, Berker"]
[Black "Ulusoy, Kemal"]
[Result "1-0"]
[WhiteElo "1854"]
[BlackElo "1563"]
[Annotator "NA"]
[PlyCount "55"]
[EventDate "2019.07.16"]
[EventType "team-tourn"]
[EventCountry "TUR"]
[SourceTitle "playchess.com"]
[Source "ChessBase"]
[SourceQuality "1"]
[TimeControl "5400+30"]

1. e4 {[%emt 0:00:30]} e6 {[%emt 0:00:30]} 2. Qe2 {[%emt 0:00:30]} d5 {[%emt 0:00:30]} 3. exd5 {[%emt 0:00:30]} Qxd5 {[%emt 0:00:30]} 4. Nc3 {[%emt 0:00:00]} Qd8 {[%emt 0:00:30]} 5. g3 {[%emt 0:00:00]} Bd7 {[%emt 0:00:30]} 6. Bg2 {[%emt 0:00:30]} Bc6 {[%emt 0:00:30]} 7. Nf3 {[%emt 0:00:00]} Nf6 {[%emt 0:00:00]} 8. O-O {[%emt 0:00:00]} Bd6 {[%emt 0:01:00]} 9. d4 {[%emt 0:00:00]} O-O {[%emt 0:00:30]} 10. Bg5 {[%emt 0:00:00]} Nbd7 {[%emt 0:05:30]} 11. Ne5 {[%emt 0:09:30]} Bxg2 {[%emt 0:03:30]} 12. Kxg2 {[%emt 0:00:30]} Be7 {[%emt 0:00:30]} 13. Rad1 {[%emt 0:05:30]} c6 {[%emt 0:01:30]} 14. h4 {[%emt 0:01:30]} Nd5 {[%emt 0:08:30]} 15. Bxe7 {[%emt 0:01:30]} Qxe7 {[%emt 0:00:30]} 16. Ne4 {[%emt 0:00:30]} Nxe5 {[%emt 0:04:30]} 17. dxe5 {[%emt 0:00:30]} Rad8 {[%emt 0:11:30]} 18. c4 {[%emt 0:08:30]} f5 {[%emt 0:04:30]} 19. cxd5 {[%emt 0:00:30]} fxe4 {[%emt 0:00:30]} 20. d6 {[%emt 0:00:30]} Qd7 {[%emt 0:02:30]} 21. Qxe4 {[%emt 0:00:30]} Rf7 {[%emt 0:02:30]} 22. Rc1 {[%emt 0:10:30]} Rdf8 {[%emt 0:06:30]} 23. f4 {[%emt 0:00:30]} Qd8 {[%emt 0:04:30]} 24. Qc4 {[%emt 0:00:30]} Qd7 {[%emt 0:06:30]} 25. Rc3 {[%emt 0:02:30]} Rc8 {[%emt 0:00:30]} 26. f5 {[%emt 0:00:30]} Re8 {[%emt 0:02:30]} 27. Rcf3 {[%emt 0:00:30]} Qc8 {[%emt 0:05:30]} 28. fxe6 {[%emt 0:01:30]} 1-0

[Event "Turkish Club Cup 2019"]
[Site "Konya"]
[Date "2019.07.18"]
[Round "5"]
[White "Yuksel, Davut Can"]
[Black "Kara, Ali Barkin"]
[Result "1/2-1/2"]
[WhiteElo "1845"]
[BlackElo "1749"]
[Annotator "NA"]
[PlyCount "64"]
[EventDate "2019.07.16"]
[EventType "team-tourn"]
[EventCountry "TUR"]
[SourceTitle "playchess.com"]
[Source "ChessBase"]
[SourceQuality "1"]
[TimeControl "5400+30"]

1. d4 {[%emt 0:00:30]} Nf6 {[%emt 0:00:30]} 2. c4 {[%emt 0:00:00]} e5 {[%emt 0:00:30]} 3. dxe5 {[%emt 0:00:00]} Ng4 {[%emt 0:00:30]} 4. Bf4 {[%emt 0:00:30]} d6 {[%emt 0:00:00]} 5. Nf3 {[%emt 0:03:30]} Nc6 {[%emt 0:00:00]} 6. h3 {[%emt 0:01:30]} Ngxe5 {[%emt 0:00:00]} 7. Nxe5 {[%emt 0:00:00]} Nxe5 {[%emt 0:00:00]} 8. e3 {[%emt 0:00:00]} Be6 {[%emt 0:02:30]} 9. Qb3 {[%emt 0:02:30]} Rb8 {[%emt 0:05:30]} 10. Nc3 {[%emt 0:02:30]} Nd7 {[%emt 0:02:30]} 11. Be2 {[%emt 0:01:30]} g6 {[%emt 0:00:30]} 12. O-O {[%emt 0:02:30]} Bg7 {[%emt 0:00:30]} 13. Rfd1 {[%emt 0:04:30]} O-O {[%emt 0:00:30]} 14. Qc2 {[%emt 0:01:30]} g5 {[%emt 0:12:30]} 15. Bh2 {[%emt 0:02:30]} f5 {[%emt 0:00:00]} 16. Nb5 {[%emt 0:00:30]} f4 {[%emt 0:14:00]} 17. exf4 {[%emt 0:00:30]} gxf4 {[%emt 0:00:00]} 18. Nd4 {[%emt 0:01:30]} Qe7 {[%emt 0:08:00]} 19. Nxe6 {[%emt 0:04:30]} Qxe6 {[%emt 0:00:30]} 20. Bg4 {[%emt 0:03:30]} Qe7 {[%emt 0:01:30]} 21. Bf5 {[%emt 0:09:30]} Be5 {[%emt 0:02:30]} 22. Be4 {[%emt 0:21:30]} Nc5 {[%emt 0:02:30]} 23. Bd5+ {[%emt 0:02:30]} Kh8 {[%emt 0:03:30]} 24. Rab1 {[%emt 0:02:30]} c6 {[%emt 0:04:30]} 25. b4 {[%emt 0:05:30]} Nd7 {[%emt 0:05:30]} 26. Be4 {[%emt 0:02:30]} Rg8 {[%emt 0:01:30]} 27. Bf3 {[%emt 0:04:30]} Rg7 {[%emt 0:04:30]} 28. Re1 {[%emt 0:03:09]} Qg5 {[%emt 0:03:30]} 29. Kf1 {[%emt 0:02:48]} Rf8 {[%emt 0:02:30]} 30. b5 {[%emt 0:02:43]} c5 {[%emt 0:03:30]} 31. Rbd1 {[%emt 0:01:15]} Nf6 {[%emt 0:05:11]} 32. Rd3 {[%emt 0:02:13]} Nd7 {[%emt 0:01:36]} 1/2-1/2

[Event "Turkish Club Cup 2019"]
[Site "Konya"]
[Date "2019.07.18"]
[Round "5"]
[White "Unlu, Alp Bugra"]
[Black "Kucuk, Dogan"]
[Result "0-1"]
[WhiteElo "1832"]
[BlackElo "2028"]
[Annotator "NA RC"]
[PlyCount "106"]
[EventDate "2019.07.16"]
[EventType "team-tourn"]
[EventCountry "TUR"]
[SourceTitle "playchess.com"]
[Source "ChessBase"]
[SourceQuality "1"]
[TimeControl "5400+30"]

1. e4 {[%emt 0:00:30]} e5 {[%emt 0:00:30]} 2. Nf3 {[%emt 0:00:30]} d6 {[%emt 0:00:30]} 3. d4 {[%emt 0:02:30]} Nd7 {[%emt 0:00:00]} 4. c3 {[%emt 0:01:30]} Ngf6 {[%emt 0:00:00]} 5. Nbd2 {[%emt 0:02:30]} Be7 {[%emt 0:01:30]} 6. Bc4 {[%emt 0:01:30]} O-O {[%emt 0:00:30]} 7. O-O {[%emt 0:00:30]} c6 {[%emt 0:00:00]} 8. Bb3 {[%emt 0:02:30]} h6 {[%emt 0:03:00]} 9. Re1 {[%emt 0:01:30]} Re8 {[%emt 0:03:30]} 10. Nf1 {[%emt 0:04:30]} Qc7 {[%emt 0:03:30]} 11. Ng3 {[%emt 0:01:30]} Nf8 {[%emt 0:00:30]} 12. Qc2 {[%emt 0:06:30]} Ng6 {[%emt 0:04:30]} 13. h3 {[%emt 0:06:30]} Bf8 {[%emt 0:03:30]} 14. dxe5 {[%emt 0:02:30]} dxe5 {[%emt 0:01:30]} 15. Be3 {[%emt 0:00:30]} Nd7 {[%emt 0:05:30]} 16. Rad1 {[%emt 0:16:30]} Nc5 {[%emt 0:03:30]} 17. Bc4 {[%emt 0:05:30]} b5 {[%emt 0:05:30]} 18. Bf1 {[%emt 0:01:30]} Be6 {[%emt 0:03:30]} 19. Rd2 {[%emt 0:10:30]} a5 {[%emt 0:06:30]} 20. b3 {[%emt 0:02:30]} a4 {[%emt 0:04:30]} 21. b4 {[%emt 0:01:30]} Nd7 {[%emt 0:00:30]} 22. Red1 {[%emt 0:05:30]} Nb6 {[%emt 0:00:30]} 23. Nf5 {[%emt 0:01:30]} Red8 {[%emt 0:08:30]} 24. h4 {[%emt 0:03:38]} Rxd2 {[%emt 0:01:30]} 25. Qxd2 {[%emt 0:00:55]} Nc4 {[%emt 0:00:30]} 26. Bxc4 {[%emt 0:00:36]} Bxc4 {[%emt 0:00:30]} 27. g3 {[%emt 0:08:21]} f6 {[%emt 0:10:30]} 28. h5 {[%emt 0:01:23]} Ne7 {[%emt 0:00:30]} 29. N3h4 {[%emt 0:01:55]} Nxf5 {[%emt 0:02:30]} 30. Nxf5 {[%emt 0:00:03]} Qf7 {[%emt 0:00:30]} 31. Ra1 {[%emt 0:07:31]} Qxh5 {[%emt 0:03:30]} 32. Kg2 {[%emt 0:00:21]} a3 {[%emt 0:01:30]} 33. Rh1 {[%emt 0:00:20]} Qf7 {[%emt 0:02:30]} 34. Qd1 {[%emt 0:00:52]} Kh7 {[%emt 0:02:45]} 35. Rh2 {[%emt 0:00:31]} Be6 {[%emt 0:01:42]} 36. g4 {[%emt 0:00:32]} Kg8 {[%emt 0:05:10]} 37. Qf3 {[%emt 0:00:28]} Rd8 {[%emt 0:00:50]} 38. Rh4 {[%emt 0:00:31]} Rd3 {[%emt 0:01:17]} 39. Qg3 {[%emt 0:00:28]} Bxa2 {[%emt 0:02:06]} 40. Qh2 {[%emt 0:00:18]} Qg6 {[%emt 0:00:47]} 41. f3 {[%emt 0:00:44]} Be6 {[%emt 0:00:53]} 42. Kf2 {[%emt 0:00:28]} Rd1 {[%emt 0:00:35]} 43. Kg3 {[%emt 0:00:34]} a2 {[%emt 0:00:12]} 44. Bxh6 {[%emt 0:00:22]} a1=Q {[%emt 0:03:57]} 45. Be3 {[%emt 0:00:07]} Rd8 {[%emt 0:02:28]} 46. Rh8+ {[%emt 0:00:53]} Kf7 {[%emt 0:00:02]} 47. Nh4 {[%emt 0:00:00]} Qe1+ {[%emt 0:01:46]} 48. Bf2 {[%emt 0:00:04]} Qexe4 {[%emt 0:01:00]} 49. Nxg6 {[%emt 0:00:14]} Qxg6 {[%emt 0:00:05]} 50. Bb6 {[%emt 0:01:28]} Rd3 {[%emt 0:00:30]} 51. Qh4 {[%emt 0:00:51]} e4 {[%emt 0:00:24]} 52. Bc5 {[%emt 0:00:27]} Rxf3+ {[%emt 0:00:49]} 53. Kh2 {[%emt 0:00:05]} Bxc5 {[%emt 0:00:02]} 0-1

[Event "Turkish Club Cup 2019"]
[Site "Konya"]
[Date "2019.07.18"]
[Round "5"]
[White "Gonullu, Muhammed Sinan"]
[Black "Celik, Musa"]
[Result "1-0"]
[WhiteElo "1823"]
[BlackElo "1773"]
[Annotator "NA"]
[PlyCount "89"]
[EventDate "2019.07.16"]
[EventType "team-tourn"]
[EventCountry "TUR"]
[SourceTitle "playchess.com"]
[Source "ChessBase"]
[SourceQuality "1"]
[TimeControl "5400+30"]

1. d4 {[%emt 0:00:30]} Nf6 {[%emt 0:00:30]} 2. Bg5 {[%emt 0:00:30]} d5 {[%emt 0:05:30]} 3. Bxf6 {[%emt 0:00:30]} exf6 {[%emt 0:00:30]} 4. e3 {[%emt 0:00:30]} g6 {[%emt 0:03:30]} 5. c4 {[%emt 0:00:00]} dxc4 {[%emt 0:03:30]} 6. Bxc4 {[%emt 0:00:00]} Bg7 {[%emt 0:02:30]} 7. Nc3 {[%emt 0:00:00]} f5 {[%emt 0:05:30]} 8. Nge2 {[%emt 0:01:00]} c6 {[%emt 0:04:30]} 9. a4 {[%emt 0:00:30]} Nd7 {[%emt 0:04:30]} 10. O-O {[%emt 0:15:30]} O-O {[%emt 0:02:30]} 11. b4 {[%emt 0:03:30]} Nf6 {[%emt 0:11:30]} 12. Qb3 {[%emt 0:07:30]} Qe7 {[%emt 0:07:30]} 13. Rac1 {[%emt 0:01:30]} Rd8 {[%emt 0:16:30]} 14. Rfd1 {[%emt 0:07:30]} Bh6 {[%emt 0:03:30]} 15. h3 {[%emt 0:16:30]} Be6 {[%emt 0:02:30]} 16. Bxe6 {[%emt 0:01:30]} fxe6 {[%emt 0:01:30]} 17. b5 {[%emt 0:01:30]} Nd5 {[%emt 0:02:30]} 18. Nxd5 {[%emt 0:00:30]} cxd5 {[%emt 0:00:55]} 19. Rc5 {[%emt 0:00:30]} Bf8 {[%emt 0:08:38]} 20. Rdc1 {[%emt 0:00:30]} b6 {[%emt 0:03:22]} 21. Rc6 {[%emt 0:01:30]} g5 {[%emt 0:00:20]} 22. Qc3 {[%emt 0:02:30]} Kf7 {[%emt 0:00:51]} 23. Rc7 {[%emt 0:05:30]} Rd7 {[%emt 0:00:03]} 24. Rxd7 {[%emt 0:02:30]} Qxd7 {[%emt 0:00:03]} 25. Qc7 {[%emt 0:01:30]} Ke8 {[%emt 0:04:40]} 26. Rc6 {[%emt 0:12:06]} Qxc7 {[%emt 0:01:43]} 27. Rxc7 {[%emt 0:00:07]} Be7 {[%emt 0:00:18]} 28. g4 {[%emt 0:00:29]} fxg4 {[%emt 0:01:15]} 29. hxg4 {[%emt 0:00:02]} Kd8 {[%emt 0:00:23]} 30. Rc6 {[%emt 0:00:28]} Kd7 {[%emt 0:00:15]} 31. Kg2 {[%emt 0:00:04]} Rh8 {[%emt 0:02:01]} 32. Ng3 {[%emt 0:01:28]} Bd6 {[%emt 0:00:36]} 33. Nh5 {[%emt 0:02:12]} Rf8 {[%emt 0:00:21]} 34. f3 {[%emt 0:01:19]} h6 {[%emt 0:01:07]} 35. Rc1 {[%emt 0:04:00]} Rh8 {[%emt 0:01:31]} 36. e4 {[%emt 0:00:38]} dxe4 {[%emt 0:01:01]} 37. fxe4 {[%emt 0:00:01]} Rf8 {[%emt 0:00:04]} 38. e5 {[%emt 0:00:11]} Ba3 {[%emt 0:00:12]} 39. Rc2 {[%emt 0:01:08]} Rc8 {[%emt 0:00:13]} 40. Nf6+ {[%emt 0:01:05]} Kd8 {[%emt 0:00:30]} 41. Rxc8+ {[%emt 0:00:00]} Kxc8 {[%emt 0:00:03]} 42. Kf3 {[%emt 0:00:00]} Kd8 {[%emt 0:00:54]} 43. Ke4 {[%emt 0:00:00]} Bf8 {[%emt 0:00:40]} 44. d5 {[%emt 0:00:02]} Ke7 {[%emt 0:00:55]} 45. Nh5 {[%emt 0:01:07]} 1-0

[Event "Turkish Club Cup 2019"]
[Site "Konya"]
[Date "2019.07.18"]
[Round "5"]
[White "Saridag, Omer Melih"]
[Black "Polat, Ahmet Eren"]
[Result "1-0"]
[WhiteElo "1820"]
[BlackElo "1651"]
[Annotator "NA"]
[PlyCount "63"]
[EventDate "2019.07.16"]
[EventType "team-tourn"]
[EventCountry "TUR"]
[SourceTitle "playchess.com"]
[Source "ChessBase"]
[SourceQuality "1"]
[TimeControl "5400+30"]

1. d4 {[%emt 0:00:00]} d6 {[%emt 0:00:30]} 2. Nf3 {[%emt 0:00:00]} Nf6 {[%emt 0:00:30]} 3. e3 {[%emt 0:00:30]} Nbd7 {[%emt 0:00:30]} 4. c4 {[%emt 0:00:30]} e5 {[%emt 0:00:00]} 5. Be2 {[%emt 0:02:30]} Be7 {[%emt 0:00:00]} 6. O-O {[%emt 0:00:00]} O-O {[%emt 0:00:30]} 7. Nc3 {[%emt 0:01:00]} c6 {[%emt 0:00:30]} 8. Qc2 {[%emt 0:02:30]} Qc7 {[%emt 0:01:30]} 9. b4 {[%emt 0:08:30]} Re8 {[%emt 0:06:30]} 10. a4 {[%emt 0:01:30]} a5 {[%emt 0:03:30]} 11. b5 {[%emt 0:04:30]} Bf8 {[%emt 0:02:30]} 12. Ba3 {[%emt 0:02:30]} exd4 {[%emt 0:01:30]} 13. exd4 {[%emt 0:02:30]} Nb6 {[%emt 0:02:30]} 14. Bd3 {[%emt 0:09:30]} g6 {[%emt 0:09:30]} 15. Rab1 {[%emt 0:02:30]} Bg4 {[%emt 0:08:30]} 16. Nd2 {[%emt 0:02:30]} d5 {[%emt 0:03:30]} 17. Bxf8 {[%emt 0:03:30]} Kxf8 {[%emt 0:00:30]} 18. c5 {[%emt 0:01:30]} Nc8 {[%emt 0:03:30]} 19. h3 {[%emt 0:03:30]} Bd7 {[%emt 0:02:30]} 20. Nf3 {[%emt 0:04:30]} Nh5 {[%emt 0:03:30]} 21. Ne2 {[%emt 0:13:30]} Ng7 {[%emt 0:13:30]} 22. Qd2 {[%emt 0:06:30]} f6 {[%emt 0:06:30]} 23. b6 {[%emt 0:08:28]} Qb8 {[%emt 0:08:30]} 24. Qh6 {[%emt 0:02:49]} Kg8 {[%emt 0:01:30]} 25. Nh4 {[%emt 0:04:12]} Ne7 {[%emt 0:00:42]} 26. g4 {[%emt 0:02:12]} f5 {[%emt 0:01:17]} 27. Nf3 {[%emt 0:00:12]} fxg4 {[%emt 0:08:26]} 28. Ng5 {[%emt 0:00:17]} Be6 {[%emt 0:01:00]} 29. Qxh7+ {[%emt 0:01:36]} Kf8 {[%emt 0:00:04]} 30. Nxe6+ {[%emt 0:01:06]} Nxe6 {[%emt 0:00:11]} 31. hxg4 {[%emt 0:00:38]} Nf4 {[%emt 0:00:58]} 32. Qh6+ {[%emt 0:00:23]} 1-0

[Event "Turkish Club Cup 2019"]
[Site "Konya"]
[Date "2019.07.18"]
[Round "5"]
[White "Gundogan, Sinem Cagla"]
[Black "Yanik, Emine"]
[Result "1-0"]
[WhiteElo "1806"]
[BlackElo "1911"]
[Annotator "NA RC"]
[PlyCount "83"]
[EventDate "2019.07.16"]
[EventType "team-tourn"]
[EventCountry "TUR"]
[SourceTitle "playchess.com"]
[Source "ChessBase"]
[SourceQuality "1"]
[TimeControl "5400+30"]

1. e4 {[%emt 0:00:30]} d5 {[%emt 0:00:30]} 2. exd5 {[%emt 0:00:30]} Qxd5 {[%emt 0:00:30]} 3. Nc3 {[%emt 0:00:00]} Qd8 {[%emt 0:00:00]} 4. d4 {[%emt 0:00:00]} Nf6 {[%emt 0:00:00]} 5. Nf3 {[%emt 0:00:00]} Bg4 {[%emt 0:03:30]} 6. h3 {[%emt 0:00:00]} Bxf3 {[%emt 0:01:30]} 7. Qxf3 {[%emt 0:00:30]} c6 {[%emt 0:00:00]} 8. Be3 {[%emt 0:00:30]} e6 {[%emt 0:02:00]} 9. O-O-O {[%emt 0:03:30]} Nbd7 {[%emt 0:01:30]} 10. Bc4 {[%emt 0:05:30]} Be7 {[%emt 0:07:30]} 11. Bb3 {[%emt 0:06:30]} Qc7 {[%emt 0:02:30]} 12. h4 {[%emt 0:06:30]} O-O-O {[%emt 0:12:30]} 13. h5 {[%emt 0:06:30]} h6 {[%emt 0:02:30]} 14. Ne2 {[%emt 0:06:30]} Nb6 {[%emt 0:13:30]} 15. Kb1 {[%emt 0:09:30]} Kb8 {[%emt 0:12:30]} 16. c4 {[%emt 0:16:30]} Ka8 {[%emt 0:06:30]} 17. Bf4 {[%emt 0:01:30]} Qd7 {[%emt 0:00:30]} 18. Be5 {[%emt 0:01:30]} Qc8 {[%emt 0:04:30]} 19. Nc3 {[%emt 0:08:30]} Nbd7 {[%emt 0:03:30]} 20. Bg3 {[%emt 0:01:30]} Bb4 {[%emt 0:00:30]} 21. Bc2 {[%emt 0:04:30]} Rhe8 {[%emt 0:03:30]} 22. a3 {[%emt 0:00:30]} Ba5 {[%emt 0:00:30]} 23. Bh4 {[%emt 0:03:23]} e5 {[%emt 0:03:55]} 24. Bf5 {[%emt 0:01:41]} exd4 {[%emt 0:09:22]} 25. Rxd4 {[%emt 0:07:08]} Ne5 {[%emt 0:04:40]} 26. Qh3 {[%emt 0:03:18]} Qc7 {[%emt 0:02:09]} 27. Rhd1 {[%emt 0:02:51]} Rxd4 {[%emt 0:00:40]} 28. Rxd4 {[%emt 0:00:30]} Qb6 {[%emt 0:00:00]} 29. Bxf6 {[%emt 0:02:37]} Qxd4 {[%emt 0:00:31]} 30. Bxg7 {[%emt 0:00:06]} Qxc4 {[%emt 0:00:59]} 31. Qe3 {[%emt 0:00:53]} Bxc3 {[%emt 0:00:42]} 32. Qxc3 {[%emt 0:00:21]} Qd5 {[%emt 0:00:36]} 33. g4 {[%emt 0:01:07]} Nc4 {[%emt 0:00:57]} 34. Bxh6 {[%emt 0:01:05]} Qh1+ {[%emt 0:00:41]} 35. Ka2 {[%emt 0:00:13]} Qd5 {[%emt 0:00:20]} 36. Kb1 {[%emt 0:00:15]} Rd8 {[%emt 0:00:04]} 37. Bg5 {[%emt 0:00:31]} Rg8 {[%emt 0:01:29]} 38. h6 {[%emt 0:00:08]} Qd1+ {[%emt 0:01:07]} 39. Bc1 {[%emt 0:00:50]} Nxa3+ {[%emt 0:00:34]} 40. bxa3 {[%emt 0:00:50]} a6 {[%emt 0:00:30]} 41. h7 {[%emt 0:00:30]} Rd8 {[%emt 0:00:00]} 42. h8=Q {[%emt 0:00:00]} 1-0

[Event "Turkish Club Cup 2019"]
[Site "Konya"]
[Date "2019.07.18"]
[Round "5"]
[White "Peker, Serdar"]
[Black "Soylemez, Baris"]
[Result "0-1"]
[WhiteElo "1797"]
[BlackElo "1633"]
[Annotator "NA"]
[PlyCount "83"]
[EventDate "2019.07.16"]
[EventType "team-tourn"]
[EventCountry "TUR"]
[SourceTitle "playchess.com"]
[Source "ChessBase"]
[SourceQuality "1"]
[TimeControl "5400+30"]

1. e4 {[%emt 0:00:30]} c6 {[%emt 0:00:30]} 2. d4 {[%emt 0:00:30]} d5 {[%emt 0:00:30]} 3. Nc3 {[%emt 0:00:00]} dxe4 {[%emt 0:00:00]} 4. Nxe4 {[%emt 0:00:00]} Bf5 {[%emt 0:00:00]} 5. Ng3 {[%emt 0:00:30]} Bg6 {[%emt 0:00:00]} 6. h4 {[%emt 0:00:30]} h6 {[%emt 0:00:00]} 7. Bc4 {[%emt 0:00:30]} e6 {[%emt 0:00:00]} 8. N1e2 {[%emt 0:05:30]} Bd6 {[%emt 0:01:00]} 9. Bf4 {[%emt 0:00:30]} Nf6 {[%emt 0:08:30]} 10. Qd2 {[%emt 0:02:30]} Nd5 {[%emt 0:02:30]} 11. Bxd6 {[%emt 0:06:30]} Qxd6 {[%emt 0:00:00]} 12. a3 {[%emt 0:02:30]} Nd7 {[%emt 0:01:00]} 13. h5 {[%emt 0:01:30]} Bh7 {[%emt 0:00:30]} 14. Bb3 {[%emt 0:00:30]} O-O-O {[%emt 0:02:30]} 15. c4 {[%emt 0:04:30]} N5f6 {[%emt 0:01:30]} 16. Qa5 {[%emt 0:05:30]} Kb8 {[%emt 0:00:30]} 17. Rh4 {[%emt 0:05:30]} Qe7 {[%emt 0:09:30]} 18. Rh3 {[%emt 0:01:30]} c5 {[%emt 0:14:30]} 19. d5 {[%emt 0:18:30]} exd5 {[%emt 0:01:30]} 20. cxd5 {[%emt 0:01:30]} Ne5 {[%emt 0:02:30]} 21. Kf1 {[%emt 0:01:30]} c4 {[%emt 0:04:30]} 22. Ba4 {[%emt 0:05:30]} Rxd5 {[%emt 0:00:30]} 23. Qc3 {[%emt 0:00:00]} Bd3 {[%emt 0:11:30]} 24. Kg1 {[%emt 0:03:00]} Rhd8 {[%emt 0:04:30]} 25. Nf4 {[%emt 0:01:30]} Rd4 {[%emt 0:00:30]} 26. Nfe2 {[%emt 0:12:35]} Bxe2 {[%emt 0:04:30]} 27. Nxe2 {[%emt 0:00:25]} Rd3 {[%emt 0:00:30]} 28. Rxd3 {[%emt 0:00:35]} Rxd3 {[%emt 0:00:30]} 29. Qc1 {[%emt 0:01:04]} Nxh5 {[%emt 0:05:30]} 30. Nf4 {[%emt 0:03:03]} Nxf4 {[%emt 0:05:30]} 31. Qxf4 {[%emt 0:00:46]} Qg5 {[%emt 0:02:12]} 32. Qh2 {[%emt 0:09:25]} Kc8 {[%emt 0:00:18]} 33. Kf1 {[%emt 0:01:51]} Ng4 {[%emt 0:00:08]} 34. Qh1 {[%emt 0:03:03]} Rd2 {[%emt 0:13:32]} 35. Qh3 {[%emt 0:02:59]} Qf5 {[%emt 0:01:21]} 36. f3 {[%emt 0:01:04]} Ne3+ {[%emt 0:00:11]} 37. Ke1 {[%emt 0:00:31]} Nxg2+ {[%emt 0:00:21]} 38. Kxd2 {[%emt 0:00:40]} Qxh3 {[%emt 0:00:02]} 39. Kc3 {[%emt 0:00:25]} Qxf3+ {[%emt 0:00:06]} 40. Kb4 {[%emt 0:00:00]} Ne3 {[%emt 0:01:54]} 41. Re1 {[%emt 0:00:27]} Qf2 {[%emt 0:00:17]} 42. Rh1 {[%emt 0:00:13]} 0-1